[Event "XX Open Internacional Sant Marti 2018"]
[Site "Barcelona"]
[Date "2018.07.21"]
[Round "9.2"]
[White "Martinez Alcantara, Jose Eduardo"]
[Black "Cori Quispe, Kevin Joel"]
[Result "1-0"]
[BlackElo "2487"]
[WhiteElo "2545"]
[LiveChessVersion "1.4.8"]

1. e4 {[%clk 1:30:43]} e5 {[%clk 1:30:53]} 2. Nf3 {[%clk 1:31:06]} Nc6
{[%clk 1:31:17]} 3. Bb5 {[%clk 1:31:12]} a6 {[%clk 1:31:36]} 4. Bxc6
{[%clk 1:31:36]} dxc6 {[%clk 1:32:01]} 5. O-O {[%clk 1:31:01]} f6
{[%clk 1:31:09]} 6. d4 {[%clk 1:31:24]} Bg4 {[%clk 1:29:37]} 7. c3
{[%clk 1:31:04]} Bd6 {[%clk 1:28:45]} 8. Be3 {[%clk 1:30:58]} Qe7
{[%clk 1:24:57]} 9. Nbd2 {[%clk 1:30:00]} O-O-O {[%clk 1:24:52]} 10. dxe5
{[%clk 1:28:40]} fxe5 {[%clk 1:25:14]} 11. b4 {[%clk 1:27:56]} Nf6
{[%clk 1:22:38]} 12. a4 {[%clk 1:25:50]} Qe8 {[%clk 1:15:43]} 13. Qc2
{[%clk 1:17:20]} Rf8 {[%clk 1:03:13]} 14. h3 {[%clk 1:15:23]} Bxf3
{[%clk 0:56:58]} 15. Nxf3 {[%clk 1:15:37]} Nh5 {[%clk 0:51:51]} 16. Rfb1
{[%clk 1:12:32]} Qe6 {[%clk 0:50:00]} 17. Qe2 {[%clk 1:12:36]} Nf4
{[%clk 0:49:58]} 18. Bxf4 {[%clk 1:12:55]} Rxf4 {[%clk 0:50:23]} 19. b5
{[%clk 1:12:52]} Rdf8 {[%clk 0:47:02]} 20. bxc6 {[%clk 1:10:31]} bxc6
{[%clk 0:47:26]} 21. Qxa6+ {[%clk 1:10:45]} Kd7 {[%clk 0:47:52]} 22. Re1
{[%clk 1:08:23]} Rxf3 {[%clk 0:47:02]} 23. gxf3 {[%clk 1:08:46]} Qxh3
{[%clk 0:47:20]} 24. Qf1 {[%clk 1:09:02]} Qxf3 {[%clk 0:46:41]} 25. Qg2
{[%clk 1:09:21]} Qh5 {[%clk 0:45:45]} 26. Qh2 {[%clk 1:08:48]} Qxh2+
{[%clk 0:42:10]} 27. Kxh2 {[%clk 1:09:14]} Rxf2+ {[%clk 0:42:33]} 28. Kg3
{[%clk 1:09:38]} Rc2 {[%clk 0:40:59]} 29. Rec1 {[%clk 1:09:54]} Rb2
{[%clk 0:39:52]} 30. a5 {[%clk 1:10:04]} Rb8 {[%clk 0:39:42]} 31. a6
{[%clk 1:08:46]} Bc5 {[%clk 0:36:35]} 32. Ra5 {[%clk 1:05:59]} Rb5
{[%clk 0:34:26]} 33. Rd1+ {[%clk 1:05:50]} Kc8 {[%clk 0:33:47]} 34. Rxb5
{[%clk 1:06:12]} cxb5 {[%clk 0:34:12]} 35. Rd5 {[%clk 1:06:35]} Ba7
{[%clk 0:34:29]} 36. Rxb5 {[%clk 1:06:16]} 1-0

[Event "XX Open Internacional Sant Marti 2018"]
[Site "Barcelona"]
[Date "2018.07.21"]
[Round "9.3"]
[White "Munoz, Miguel"]
[Black "Alonso Rosell, Alvar"]
[Result "1/2-1/2"]
[BlackElo "2523"]
[WhiteElo "2500"]
[LiveChessVersion "1.4.8"]

1. e4 {[%clk 1:30:57]} e5 {[%clk 1:14:27]} 2. Nf3 {[%clk 1:30:42]} Nc6
{[%clk 1:14:51]} 3. Bb5 {[%clk 1:31:07]} a6 {[%clk 1:15:18]} 4. Ba4
{[%clk 1:31:31]} d6 {[%clk 1:15:43]} 5. d4 {[%clk 1:31:07]} b5 {[%clk 1:16:02]}
6. Bb3 {[%clk 1:31:31]} Nxd4 {[%clk 1:16:26]} 7. Nxd4 {[%clk 1:31:52]} exd4
{[%clk 1:16:54]} 8. Bd5 {[%clk 1:32:07]} Rb8 {[%clk 1:16:29]} 9. Bc6+
{[%clk 1:27:03]} Bd7 {[%clk 1:16:53]} 10. Bxd7+ {[%clk 1:27:31]} Qxd7
{[%clk 1:17:18]} 11. Qxd4 {[%clk 1:27:41]} Nf6 {[%clk 1:16:46]} 12. Qa7
{[%clk 1:27:06]} Qc8 {[%clk 1:15:45]} 13. Nc3 {[%clk 1:27:20]} Be7
{[%clk 1:08:07]} 14. Bg5 {[%clk 1:26:12]} 1/2-1/2

[Event "XX Open Internacional Sant Marti 2018"]
[Site "Barcelona"]
[Date "2018.07.21"]
[Round "9.4"]
[White "Mitrabha, Guha"]
[Black "Cuartas, Jaime Alexander"]
[Result "1/2-1/2"]
[BlackElo "2508"]
[WhiteElo "2299"]
[LiveChessVersion "1.4.8"]

1. d4 {[%clk 1:28:34]} d5 {[%clk 1:30:50]} 2. c4 {[%clk 1:28:46]} dxc4
{[%clk 1:31:15]} 3. Nf3 {[%clk 1:29:09]} Nf6 {[%clk 1:31:35]} 4. e3
{[%clk 1:29:34]} a6 {[%clk 1:31:52]} 5. Bxc4 {[%clk 1:29:45]} e6 {[%clk 1:32:17]}
6. O-O {[%clk 1:30:09]} c5 {[%clk 1:32:25]} 7. dxc5 {[%clk 1:30:32]} Qxd1
{[%clk 1:32:48]} 8. Rxd1 {[%clk 1:30:56]} Bxc5 {[%clk 1:33:15]} 9. Be2
{[%clk 1:31:20]} Nbd7 {[%clk 1:33:13]} 10. b3 {[%clk 1:31:43]} b6
{[%clk 1:33:17]} 11. Bb2 {[%clk 1:32:08]} Bb7 {[%clk 1:33:43]} 12. Nbd2
{[%clk 1:32:32]} O-O {[%clk 1:33:44]} 13. Ne5 {[%clk 1:31:50]} Nxe5
{[%clk 1:32:24]} 14. Bxe5 {[%clk 1:32:18]} Rfd8 {[%clk 1:32:48]} 15. Bf3
{[%clk 1:29:40]} Bxf3 {[%clk 1:32:22]} 16. Nxf3 {[%clk 1:30:08]} Kf8
{[%clk 1:30:19]} 17. Kf1 {[%clk 1:29:46]} Ne4 {[%clk 1:29:49]} 18. Rac1
{[%clk 1:28:59]} f6 {[%clk 1:29:10]} 19. Bb2 {[%clk 1:29:21]} e5 {[%clk 1:29:04]}
20. Ke2 {[%clk 1:29:36]} Rxd1 {[%clk 1:27:58]} 21. Rxd1 {[%clk 1:30:04]} Ke7
{[%clk 1:27:51]} 22. Nd2 {[%clk 1:30:12]} Nd6 {[%clk 1:27:45]} 23. Rc1
{[%clk 1:30:37]} Rd8 {[%clk 1:25:06]} 24. Nc4 {[%clk 1:30:47]} Ke6
{[%clk 1:19:35]} 25. Nxd6 {[%clk 1:31:11]} Rxd6 {[%clk 1:19:51]} 26. Rd1
{[%clk 1:31:40]} Rxd1 {[%clk 1:20:10]} 27. Kxd1 {[%clk 1:32:08]} Kd5
{[%clk 1:20:29]} 28. Ke2 {[%clk 1:32:31]} e4 {[%clk 1:19:29]} 29. Bc3
{[%clk 1:32:50]} b5 {[%clk 1:19:50]} 30. Bb2 {[%clk 1:33:04]} h5 {[%clk 1:20:13]}
31. h3 {[%clk 1:33:19]} Be7 {[%clk 1:19:46]} 32. Bc3 {[%clk 1:33:43]} g6
{[%clk 1:20:01]} 33. g3 {[%clk 1:32:42]} Bd8 {[%clk 1:18:51]} 34. Bb2
{[%clk 1:32:32]} a5 {[%clk 1:18:44]} 35. Bc3 {[%clk 1:32:57]} a4 {[%clk 1:18:51]}
36. Kd1 {[%clk 1:33:19]} axb3 {[%clk 1:18:53]} 37. axb3 {[%clk 1:33:47]} Ke6
{[%clk 1:19:14]} 38. Ke2 {[%clk 1:34:00]} Bc7 {[%clk 1:19:09]} 39. Bb4
{[%clk 1:34:06]} Kf5 {[%clk 1:19:16]} 40. Bc5 {[%clk 1:34:00]} g5
{[%clk 1:19:20]} 41. Be7 {[%clk 1:34:09]} Ke6 {[%clk 1:19:25]} 42. Bc5
{[%clk 1:34:29]} f5 {[%clk 1:19:24]} 43. Bb4 {[%clk 1:34:44]} Bd8
{[%clk 1:17:54]} 44. Bf8 {[%clk 1:34:58]} Kf7 {[%clk 1:16:45]} 45. Bb4
{[%clk 1:35:22]} Kg6 {[%clk 1:16:39]} 46. Bd6 {[%clk 1:35:33]} Bf6
{[%clk 1:17:03]} 47. Kf1 {[%clk 1:35:46]} Bc3 {[%clk 1:17:20]} 48. Ke2
{[%clk 1:36:06]} Kf7 {[%clk 1:17:41]} 49. Bc5 {[%clk 1:36:31]} Ke6
{[%clk 1:17:35]} 50. Bf8 {[%clk 1:36:55]} Kd7 {[%clk 1:17:46]} 51. Kd1
{[%clk 1:37:08]} Ba5 {[%clk 1:17:16]} 52. Bc5 {[%clk 1:37:26]} Bc7
{[%clk 1:16:01]} 53. Ke2 {[%clk 1:37:41]} Ke6 {[%clk 1:15:44]} 54. Bb4
{[%clk 1:38:02]} Be5 {[%clk 1:16:02]} 55. Bf8 {[%clk 1:38:24]} Kf7
{[%clk 1:16:25]} 56. Bc5 {[%clk 1:38:49]} Bf6 {[%clk 1:16:49]} 57. Bd6
{[%clk 1:39:13]} Kg6 {[%clk 1:17:14]} 58. Kf1 {[%clk 1:39:36]} Kf7
{[%clk 1:16:46]} 59. Ke2 {[%clk 1:40:01]} Ke6 {[%clk 1:17:12]} 60. Bb4
{[%clk 1:40:26]} Kd5 {[%clk 1:17:38]} 61. Bf8 {[%clk 1:40:51]} Bd8
{[%clk 1:17:59]} 62. Bb4 {[%clk 1:41:15]} Bb6 {[%clk 1:18:20]} 63. Be7
{[%clk 1:41:38]} g4 {[%clk 1:18:46]} 64. h4 {[%clk 1:42:05]} Bc5 {[%clk 1:18:55]}
65. Bf6 {[%clk 1:42:29]} Bb4 {[%clk 1:19:19]} 66. Bg7 {[%clk 1:42:54]} Kc6
{[%clk 1:19:41]} 67. Bf6 {[%clk 1:43:18]} Kc7 {[%clk 1:19:49]} 68. Be5+
{[%clk 1:43:41]} Kb6 {[%clk 1:20:13]} 69. Bf6 {[%clk 1:43:33]} Ka6
{[%clk 1:20:12]} 70. Be5 {[%clk 1:43:58]} Ka5 {[%clk 1:20:32]} 71. Bc7+
{[%clk 1:44:23]} Ka6 {[%clk 1:20:59]} 72. Be5 {[%clk 1:44:50]} Ka5
{[%clk 1:21:23]} 73. Bc7+ {[%clk 1:45:17]} 1/2-1/2

[Event "XX Open Internacional Sant Marti 2018"]
[Site "Barcelona"]
[Date "2018.07.21"]
[Round "9.5"]
[White "Smirnov, Artem"]
[Black "Krysa, Leandro"]
[Result "0-1"]
[BlackElo "2533"]
[WhiteElo "2405"]
[LiveChessVersion "1.4.8"]

1. d4 {[%clk 1:30:06]} Nf6 {[%clk 1:30:39]} 2. c4 {[%clk 1:30:28]} g6
{[%clk 1:31:00]} 3. Nc3 {[%clk 1:30:52]} d5 {[%clk 1:31:25]} 4. cxd5
{[%clk 1:31:16]} Nxd5 {[%clk 1:31:48]} 5. e4 {[%clk 1:31:41]} Nxc3
{[%clk 1:32:08]} 6. bxc3 {[%clk 1:32:05]} Bg7 {[%clk 1:32:29]} 7. Nf3
{[%clk 1:32:26]} c5 {[%clk 1:32:42]} 8. h3 {[%clk 1:32:46]} O-O {[%clk 1:32:53]}
9. Be3 {[%clk 1:32:46]} Qa5 {[%clk 1:27:26]} 10. Bd2 {[%clk 1:32:43]} Qc7
{[%clk 1:24:47]} 11. Rc1 {[%clk 1:25:19]} e6 {[%clk 1:21:39]} 12. Bd3
{[%clk 1:22:28]} b6 {[%clk 1:18:16]} 13. O-O {[%clk 1:22:47]} Bb7
{[%clk 1:18:39]} 14. Be3 {[%clk 1:07:35]} Nd7 {[%clk 1:05:14]} 15. Re1
{[%clk 0:58:59]} Rac8 {[%clk 0:47:36]} 16. Qd2 {[%clk 0:58:08]} e5
{[%clk 0:47:30]} 17. Bh6 {[%clk 0:54:46]} Qd6 {[%clk 0:44:48]} 18. Bc4
{[%clk 0:44:47]} Rce8 {[%clk 0:31:51]} 19. Bb5 {[%clk 0:28:22]} exd4
{[%clk 0:28:07]} 20. Bf4 {[%clk 0:20:55]} Qe7 {[%clk 0:14:54]} 21. cxd4
{[%clk 0:21:15]} Rd8 {[%clk 0:14:59]} 22. d5 {[%clk 0:18:21]} a6 {[%clk 0:15:20]}
23. Bf1 {[%clk 0:14:07]} Ne5 {[%clk 0:14:56]} 24. Nxe5 {[%clk 0:14:02]} Bxe5
{[%clk 0:15:22]} 25. a4 {[%clk 0:11:00]} Bd4 {[%clk 0:14:30]} 26. Rb1
{[%clk 0:10:47]} Rfe8 {[%clk 0:10:11]} 27. Bc4 {[%clk 0:08:39]} Qf6
{[%clk 0:06:47]} 28. Bg5 {[%clk 0:02:29]} Qd6 {[%clk 0:04:02]} 29. Bxd8
{[%clk 0:02:07]} Rxd8 {[%clk 0:03:45]} 30. Qd3 {[%clk 0:01:20]} Ra8
{[%clk 0:03:07]} 31. Re2 {[%clk 0:01:19]} Bc8 {[%clk 0:03:12]} 32. Kh1
{[%clk 0:00:51]} Kg7 {[%clk 0:03:14]} 33. Rf1 {[%clk 0:00:32]} g5
{[%clk 0:02:23]} 34. Qg3 {[%clk 0:00:37]} Qxg3 {[%clk 0:01:50]} 35. fxg3
{[%clk 0:01:06]} Bd7 {[%clk 0:02:14]} 36. d6 {[%clk 0:00:45]} Be6
{[%clk 0:01:35]} 37. Bxe6 {[%clk 0:00:42]} fxe6 {[%clk 0:02:02]} 38. h4
{[%clk 0:00:37]} b5 {[%clk 0:02:10]} 39. hxg5 {[%clk 0:00:42]} b4
{[%clk 0:02:20]} 40. Rb1 {[%clk 0:00:32]} e5 {[%clk 0:02:40]} 41. g4
{[%clk 0:00:31]} Rd8 {[%clk 0:02:55]} 42. Kh2 {[%clk 0:00:35]} Rxd6
{[%clk 0:02:45]} 43. Rc2 {[%clk 0:00:33]} Kg6 {[%clk 0:02:43]} 44. Kg3
{[%clk 0:00:42]} Kxg5 {[%clk 0:03:01]} 45. Rh1 {[%clk 0:00:31]} b3
{[%clk 0:02:16]} 46. Rcc1 {[%clk 0:00:44]} b2 {[%clk 0:02:20]} 47. Rh5+
{[%clk 0:00:34]} Kg6 {[%clk 0:02:41]} 48. Rch1 {[%clk 0:01:00]} Be3
{[%clk 0:02:45]} 49. Rb1 {[%clk 0:00:38]} Bf4+ {[%clk 0:03:01]} 50. Kf3
{[%clk 0:00:43]} Rd3+ {[%clk 0:03:04]} 51. Ke2 {[%clk 0:00:43]} Rd2+
{[%clk 0:03:16]} 52. Kf3 {[%clk 0:00:48]} c4 {[%clk 0:03:21]} 53. g3
{[%clk 0:01:16]} Bg5 {[%clk 0:03:08]} 54. Rhh1 {[%clk 0:00:58]} c3
{[%clk 0:03:24]} 55. a5 {[%clk 0:01:17]} Rc2 {[%clk 0:02:57]} 56. Rhd1
{[%clk 0:00:52]} Rc1 {[%clk 0:03:06]} 0-1

[Event "XX Open Internacional Sant Marti 2018"]
[Site "Barcelona"]
[Date "2018.07.21"]
[Round "9.6"]
[White "Quesada Perez, Yasser"]
[Black "Ryan, Joseph"]
[Result "1-0"]
[BlackElo "2273"]
[WhiteElo "2531"]
[LiveChessVersion "1.4.8"]

1. e4 {[%clk 1:30:55]} e5 {[%clk 1:30:39]} 2. Nf3 {[%clk 1:31:16]} Nc6
{[%clk 1:31:03]} 3. Bb5 {[%clk 1:31:30]} Bc5 {[%clk 1:31:14]} 4. c3
{[%clk 1:30:26]} Nf6 {[%clk 1:31:05]} 5. d3 {[%clk 1:26:51]} d6 {[%clk 1:28:11]}
6. O-O {[%clk 1:26:56]} O-O {[%clk 1:28:15]} 7. Bg5 {[%clk 1:24:15]} h6
{[%clk 1:28:14]} 8. Bh4 {[%clk 1:24:44]} Qe7 {[%clk 1:26:29]} 9. Nbd2
{[%clk 1:19:26]} Nb8 {[%clk 1:25:46]} 10. d4 {[%clk 1:18:02]} Bb6
{[%clk 1:25:50]} 11. Bd3 {[%clk 1:15:29]} c6 {[%clk 1:23:26]} 12. Nc4
{[%clk 1:13:43]} Bc7 {[%clk 1:23:23]} 13. Ne3 {[%clk 1:12:41]} Re8
{[%clk 1:23:09]} 14. Nd2 {[%clk 1:07:32]} Nbd7 {[%clk 1:19:44]} 15. Nf5
{[%clk 1:05:15]} Qf8 {[%clk 1:19:34]} 16. Qf3 {[%clk 1:02:30]} g6
{[%clk 1:16:41]} 17. Ne3 {[%clk 1:02:09]} Nh5 {[%clk 1:16:07]} 18. Bc2
{[%clk 0:58:58]} Nf4 {[%clk 1:09:17]} 19. Bg3 {[%clk 0:51:49]} Nh5
{[%clk 1:09:22]} 20. Bb3 {[%clk 0:48:40]} Ndf6 {[%clk 1:07:46]} 21. d5
{[%clk 0:37:27]} g5 {[%clk 1:04:50]} 22. dxc6 {[%clk 0:35:54]} bxc6
{[%clk 1:04:57]} 23. Qd1 {[%clk 0:33:23]} Nf4 {[%clk 1:02:15]} 24. Kh1
{[%clk 0:30:47]} Rb8 {[%clk 0:56:01]} 25. f3 {[%clk 0:29:05]} Rd8
{[%clk 0:53:22]} 26. Qc2 {[%clk 0:27:41]} h5 {[%clk 0:50:48]} 27. Bf2
{[%clk 0:26:05]} Bb6 {[%clk 0:49:28]} 28. Ndc4 {[%clk 0:25:07]} h4
{[%clk 0:47:05]} 29. Nxb6 {[%clk 0:24:51]} axb6 {[%clk 0:47:21]} 30. Rfd1
{[%clk 0:24:58]} h3 {[%clk 0:45:14]} 31. g3 {[%clk 0:25:03]} Ng6 {[%clk 0:44:46]}
32. Qe2 {[%clk 0:22:07]} Bb7 {[%clk 0:39:15]} 33. Nf5 {[%clk 0:21:49]} Bc8
{[%clk 0:37:04]} 34. Be3 {[%clk 0:21:43]} Bxf5 {[%clk 0:30:04]} 35. exf5
{[%clk 0:22:12]} Ne7 {[%clk 0:30:19]} 36. Bxg5 {[%clk 0:22:19]} Qg7
{[%clk 0:29:51]} 37. Bxf6 {[%clk 0:22:40]} Qxf6 {[%clk 0:30:15]} 38. g4
{[%clk 0:23:08]} Kg7 {[%clk 0:27:04]} 39. Rd2 {[%clk 0:22:40]} d5
{[%clk 0:26:00]} 40. Re1 {[%clk 0:22:31]} Re8 {[%clk 0:24:44]} 41. Rdd1
{[%clk 0:20:10]} Nc8 {[%clk 0:22:49]} 42. c4 {[%clk 0:19:28]} d4 {[%clk 0:19:41]}
43. Rxd4 {[%clk 0:19:56]} Nd6 {[%clk 0:19:16]} 44. g5 {[%clk 0:19:33]} Qd8
{[%clk 0:17:40]} 45. f6+ {[%clk 0:19:43]} Kg8 {[%clk 0:17:28]} 46. Rd2
{[%clk 0:19:14]} e4 {[%clk 0:15:33]} 47. Red1 {[%clk 0:19:26]} exf3
{[%clk 0:14:48]} 48. Qxf3 {[%clk 0:19:55]} Qd7 {[%clk 0:14:50]} 49. g6
{[%clk 0:15:46]} Qf5 {[%clk 0:10:34]} 50. Qxf5 {[%clk 0:16:11]} Nxf5
{[%clk 0:10:51]} 51. c5 {[%clk 0:16:41]} 1-0

[Event "XX Open Internacional Sant Marti 2018"]
[Site "Barcelona"]
[Date "2018.07.21"]
[Round "9.7"]
[White "Oliva Castaneda, Kevel"]
[Black "Gonzales, Jayson"]
[Result "1/2-1/2"]
[BlackElo "2367"]
[WhiteElo "2491"]
[LiveChessVersion "1.4.8"]

1. d4 {[%clk 1:30:30]} d5 {[%clk 1:27:27]} 2. c4 {[%clk 1:30:50]} e6
{[%clk 1:27:48]} 3. Nf3 {[%clk 1:31:05]} c6 {[%clk 1:27:39]} 4. e3
{[%clk 1:30:48]} f5 {[%clk 1:24:58]} 5. Be2 {[%clk 1:31:11]} Nf6 {[%clk 1:25:08]}
6. O-O {[%clk 1:31:34]} Bd6 {[%clk 1:25:31]} 7. b3 {[%clk 1:31:57]} Qe7
{[%clk 1:25:45]} 8. Bb2 {[%clk 1:32:17]} O-O {[%clk 1:25:16]} 9. Qc1
{[%clk 1:32:35]} b6 {[%clk 1:23:38]} 10. Ba3 {[%clk 1:32:24]} Bb7
{[%clk 1:23:58]} 11. Bxd6 {[%clk 1:32:36]} Qxd6 {[%clk 1:24:20]} 12. Qb2
{[%clk 1:23:06]} Nbd7 {[%clk 1:22:46]} 13. Na3 {[%clk 1:20:12]} Ne4
{[%clk 1:19:53]} 14. Rad1 {[%clk 1:18:05]} f4 {[%clk 1:12:54]} 15. Nc2
{[%clk 1:18:00]} Rf5 {[%clk 1:12:20]} 16. exf4 {[%clk 0:47:05]} Rxf4
{[%clk 1:04:25]} 17. Nce1 {[%clk 0:46:01]} Raf8 {[%clk 1:02:50]} 18. Nd3
{[%clk 0:46:13]} R4f5 {[%clk 1:01:46]} 19. Nfe5 {[%clk 0:39:21]} Nxe5
{[%clk 0:58:18]} 20. dxe5 {[%clk 0:39:43]} Qe7 {[%clk 0:58:37]} 21. cxd5
{[%clk 0:35:32]} exd5 {[%clk 0:58:46]} 22. Bg4 {[%clk 0:33:53]} Rg5
{[%clk 0:57:19]} 23. f3 {[%clk 0:27:01]} Ba6 {[%clk 0:39:42]} 24. Rfe1 Rg6
{[%clk 0:35:35]} 25. fxe4 {[%clk 0:19:06]} Rxg4 {[%clk 0:35:46]} 26. exd5
{[%clk 0:19:24]} cxd5 {[%clk 0:36:13]} 27. Nf2 {[%clk 0:16:39]} Rgf4
{[%clk 0:36:01]} 28. Nh3 {[%clk 0:16:54]} Qc5+ {[%clk 0:33:16]} 29. Kh1
{[%clk 0:17:18]} Re4 {[%clk 0:33:15]} 30. e6 {[%clk 0:16:51]} h6 {[%clk 0:31:21]}
31. Qd2 {[%clk 0:16:05]} Bb7 {[%clk 0:27:15]} 32. Rc1 {[%clk 0:12:56]} Rxe1+
{[%clk 0:19:07]} 33. Qxe1 {[%clk 0:13:21]} Qd6 {[%clk 0:19:26]} 34. Qe2
{[%clk 0:11:42]} Re8 {[%clk 0:18:50]} 35. Re1 {[%clk 0:12:01]} d4
{[%clk 0:18:45]} 36. Nf2 {[%clk 0:11:56]} Qd5 {[%clk 0:13:00]} 37. Nd3
{[%clk 0:11:04]} Ba6 {[%clk 0:13:00]} 38. Qd1 {[%clk 0:02:18]} Qf5
{[%clk 0:09:10]} 39. Nb4 {[%clk 0:02:33]} Bb7 {[%clk 0:09:34]} 40. Qxd4
{[%clk 0:01:11]} Rxe6 {[%clk 0:09:37]} 41. Rg1 {[%clk 0:00:49]} Re2
{[%clk 0:09:31]} 42. Qd8+ {[%clk 0:00:48]} Kh7 {[%clk 0:09:23]} 43. Qd1
{[%clk 0:00:54]} Qe4 {[%clk 0:08:28]} 44. Qd3 {[%clk 0:00:38]} Qxd3
{[%clk 0:08:43]} 45. Nxd3 {[%clk 0:01:05]} Rxa2 {[%clk 0:09:07]} 46. h4
{[%clk 0:01:15]} Rd2 {[%clk 0:09:28]} 47. Nf4 {[%clk 0:01:17]} g5
{[%clk 0:08:58]} 48. hxg5 {[%clk 0:01:29]} hxg5 {[%clk 0:09:27]} 49. Re1
{[%clk 0:01:24]} Bc6 {[%clk 0:05:17]} 50. Re7+ {[%clk 0:01:36]} Kg8
{[%clk 0:05:35]} 51. Rc7 {[%clk 0:00:58]} Rc2 {[%clk 0:03:55]} 52. Nd5
{[%clk 0:01:23]} Kf8 {[%clk 0:04:05]} 53. Kh2 {[%clk 0:00:56]} a5
{[%clk 0:02:48]} 54. Ne3 {[%clk 0:00:40]} Rc5 {[%clk 0:02:30]} 55. Nc4
{[%clk 0:00:45]} Bd5 {[%clk 0:01:05]} 56. Rxc5 {[%clk 0:01:07]} bxc5
{[%clk 0:01:34]} 57. Nxa5 {[%clk 0:01:31]} Ke7 {[%clk 0:01:44]} 58. Kg3
{[%clk 0:01:48]} Kf6 {[%clk 0:01:30]} 59. Nc4 {[%clk 0:01:47]} Bxc4
{[%clk 0:00:41]} 60. bxc4 {[%clk 0:02:12]} Ke5 {[%clk 0:01:00]} 61. Kg4
{[%clk 0:02:39]} Kd4 {[%clk 0:01:27]} 62. Kxg5 {[%clk 0:03:05]} Kxc4
{[%clk 0:01:52]} 63. Kf6 {[%clk 0:03:24]} Kd3 {[%clk 0:02:19]} 64. g4
{[%clk 0:03:49]} c4 {[%clk 0:02:45]} 65. g5 {[%clk 0:04:17]} c3 {[%clk 0:03:14]}
66. g6 {[%clk 0:04:40]} 1/2-1/2

[Event "XX Open Internacional Sant Marti 2018"]
[Site "Barcelona"]
[Date "2018.07.21"]
[Round "9.8"]
[White "Iniyan, P"]
[Black "Saurabh, Anand"]
[Result "1/2-1/2"]
[BlackElo "2258"]
[WhiteElo "2451"]
[LiveChessVersion "1.4.8"]

1. d4 {[%clk 1:30:42]} Nf6 {[%clk 1:30:49]} 2. c4 {[%clk 1:31:03]} e6
{[%clk 1:31:14]} 3. Nc3 {[%clk 1:31:24]} Bb4 {[%clk 1:31:31]} 4. e3
{[%clk 1:31:32]} O-O {[%clk 1:31:38]} 5. Bd3 {[%clk 1:31:57]} d5 {[%clk 1:31:49]}
6. Nf3 {[%clk 1:32:19]} c5 {[%clk 1:31:58]} 7. O-O {[%clk 1:32:40]} dxc4
{[%clk 1:32:17]} 8. Bxc4 {[%clk 1:33:04]} cxd4 {[%clk 1:32:36]} 9. exd4
{[%clk 1:33:28]} b6 {[%clk 1:32:43]} 10. Bg5 {[%clk 1:33:30]} Bb7
{[%clk 1:33:03]} 11. Qe2 {[%clk 1:33:56]} Nbd7 {[%clk 1:33:19]} 12. Rac1
{[%clk 1:34:01]} Qb8 {[%clk 1:31:22]} 13. Ne5 {[%clk 1:21:48]} Bxc3
{[%clk 1:25:06]} 14. Nxd7 {[%clk 1:15:07]} Nxd7 {[%clk 1:25:26]} 15. Rxc3
{[%clk 1:15:33]} Qd6 {[%clk 1:24:31]} 16. Qg4 {[%clk 1:14:09]} Rfc8
{[%clk 1:20:23]} 17. Re1 {[%clk 1:12:59]} Bd5 {[%clk 1:15:43]} 18. Bh6
{[%clk 1:01:27]} g6 {[%clk 1:15:16]} 19. Bf4 {[%clk 1:01:23]} Qf8
{[%clk 1:14:15]} 20. Bb5 {[%clk 0:57:25]} Nf6 {[%clk 1:11:30]} 21. Qh4
{[%clk 0:53:24]} Nh5 {[%clk 1:11:25]} 22. Bd2 {[%clk 0:51:12]} Rxc3
{[%clk 1:09:17]} 23. Bxc3 {[%clk 0:47:10]} Bxa2 {[%clk 1:08:46]} 24. d5
{[%clk 0:46:26]} Bxd5 {[%clk 1:07:31]} 25. g4 {[%clk 0:46:50]} Ng7
{[%clk 1:04:27]} 26. Qf6 {[%clk 0:47:00]} Rc8 {[%clk 1:01:08]} 27. Re3
{[%clk 0:44:58]} Rc5 {[%clk 0:55:07]} 28. Bf1 {[%clk 0:42:48]} a5
{[%clk 0:50:07]} 29. h4 {[%clk 0:42:52]} Bc6 {[%clk 0:48:57]} 30. Rd3
{[%clk 0:43:06]} Rd5 {[%clk 0:47:13]} 31. Rxd5 {[%clk 0:41:05]} Bxd5
{[%clk 0:47:40]} 32. g5 {[%clk 0:40:01]} Bc6 {[%clk 0:44:29]} 33. Bd3
{[%clk 0:38:28]} b5 {[%clk 0:41:03]} 34. b3 {[%clk 0:34:45]} b4 {[%clk 0:39:06]}
35. Bd4 {[%clk 0:34:46]} a4 {[%clk 0:38:50]} 36. Bc4 {[%clk 0:29:21]} axb3
{[%clk 0:38:22]} 37. Bxb3 {[%clk 0:29:43]} Be4 {[%clk 0:38:18]} 38. Ba4
{[%clk 0:28:50]} Bd5 {[%clk 0:37:54]} 39. Be8 {[%clk 0:28:07]} Be4
{[%clk 0:37:19]} 40. Kf1 {[%clk 0:27:44]} Bd5 {[%clk 0:36:51]} 41. Bb5
{[%clk 0:27:29]} Bb3 {[%clk 0:35:35]} 42. Ke2 {[%clk 0:27:34]} Bd5
{[%clk 0:35:51]} 43. Kd3 {[%clk 0:27:04]} Ba2 {[%clk 0:35:58]} 44. Kc2
{[%clk 0:26:52]} Bd5 {[%clk 0:35:44]} 45. Kb2 {[%clk 0:27:14]} Kh8
{[%clk 0:34:21]} 46. Ba6 {[%clk 0:26:42]} Kg8 {[%clk 0:34:31]} 47. Bf1
{[%clk 0:27:01]} Kh8 {[%clk 0:34:16]} 48. Be2 {[%clk 0:27:27]} Kg8
{[%clk 0:34:40]} 49. Bd3 {[%clk 0:27:51]} Bc6 {[%clk 0:33:56]} 50. Bc4
{[%clk 0:28:12]} Ba4 {[%clk 0:33:56]} 51. f4 {[%clk 0:26:59]} Bd1
{[%clk 0:33:53]} 52. Bb5 {[%clk 0:25:55]} Bf3 {[%clk 0:34:01]} 53. Bc4
{[%clk 0:25:56]} Bd1 {[%clk 0:34:22]} 54. Kc1 {[%clk 0:26:21]} Bf3
{[%clk 0:34:36]} 55. Kc2 {[%clk 0:26:47]} Be4+ {[%clk 0:34:28]} 56. Kb3
{[%clk 0:27:01]} Bf3 {[%clk 0:34:54]} 57. Bd3 {[%clk 0:26:16]} Bd1+
{[%clk 0:34:50]} 58. Kb2 {[%clk 0:26:32]} Bf3 {[%clk 0:35:10]} 59. Be5
{[%clk 0:26:50]} Bd1 {[%clk 0:35:14]} 60. Bd4 {[%clk 0:27:06]} Bf3
{[%clk 0:35:35]} 61. Kb3 {[%clk 0:26:41]} Bd1+ {[%clk 0:35:56]} 62. Kb2
{[%clk 0:27:08]} 1/2-1/2